Statistics for Hockey Terms Quiz

Click here to take the quiz!

General Stats

  • This quiz has been taken 32 times
  • The average score is 8 of 10

Answer Stats

QuestionAnswer% Correct
What is a Biscuit?The Puck
96%
What does the term Twig mean?Hockey Stick
91%
What is a Barn?The arena and or rink
91%
What does "Cherry Picker" mean?A player that stays at center ice and doesn't help their teammates defend
87%
What does chirping mean?trash talking the players on the other team or the refs
87%
What does the term lettuce mean?A great head of hockey hair
83%
What does Bar down Mean?A shot that hit the bottom of the crossbar that goes right down into the net
83%
What is a Celly?Celebration after a goal is scored
83%
What are the 3 things a player needs to get to have a Gordie Howe Hatrick?A goal, an assist, and a fight
70%
What does the term Beauty mean?A talented player both on and off the ice
57%

Score Distribution

Percentile by Number Answered

Percent of People with Each Score

Your Score History

You have not taken this quiz